[Event "POL-ch U18 Girls"]
[Site "Leba"]
[Date "2008.04.04"]
[Round "9"]
[White "Filipkowska, Martyna"]
[Black "Stepien, Teresa"]
[Result "1/2-1/2"]
[WhiteElo "1636"]
[BlackElo "1537"]
[PlyCount "42"]
[EventDate "2008.03.29"]
[EventType "swiss"]
[EventRounds "11"]
[EventCountry "POL"]
[SourceTitle "CBM 123 Extra"]
[Source "ChessBase"]
[SourceDate "2008.05.06"]
[SourceVersion "1"]
[SourceVersionDate "2008.05.06"]
[SourceQuality "1"]

1. c4 e6 2. Nc3 d5 3. e3 Nf6 4. Nf3 c5 5. cxd5 Nxd5 6. Nxd5 Qxd5 7. Bb5+ Bd7 8. Bxd7+ Nxd7 9. 0-0 Be7 10. b3 0-0 11. Bb2 Bf6 12. Bxf6 Nxf6 13. d4 Rfd8 14. dxc5 Qxc5 15. Qc1 Rac8 16. h3 h6 17. Qb2 Qc2 18. Qa3 Qc5 19. Qc1 Rd7 20. Qxc5 Rxc5 21. Rac1 Rdc7 1/2-1/2

[Event "POL-ch U18 Girls"]
[Site "Leba"]
[Date "2008.04.02"]
[Round "7"]
[White "Rozycka, Justyna"]
[Black "Filipkowska, Martyna"]
[Result "1/2-1/2"]
[WhiteElo "1675"]
[BlackElo "1636"]
[PlyCount "71"]
[EventDate "2008.03.29"]
[EventType "swiss"]
[EventRounds "11"]
[EventCountry "POL"]
[SourceTitle "CBM 123 Extra"]
[Source "ChessBase"]
[SourceDate "2008.05.06"]
[SourceVersion "1"]
[SourceVersionDate "2008.05.06"]
[SourceQuality "1"]

1. d4 d5 2. Bf4 Nf6 3. e3 Bf5 4. c4 e6 5. Nc3 Bb4 6. Nf3 0-0 7. Be2 Bxc3+ 8. bxc3 Nbd7 9. h3 c6 10. 0-0 Ne4 11. Qb3 b6 12. cxd5 cxd5 13. c4 Ndf6 14. Rfd1 dxc4 15. Bxc4 Nd6 16. Bd3 Bxd3 17. Qxd3 Nd5 18. Bh2 h6 19. a3 Nb7 20. Rac1 Na5 21. Ne5 Rc8 22. Nc4 Nxc4 23. Rxc4 Rxc4 24. Qxc4 Qc8 25. Rc1 Qd8 26. e4 Ne7 27. Qc7 Nc8 28. Qxd8 Rxd8 29. Kf1 Nd6 30. Bxd6 Rxd6 31. Rd1 b5 32. Ke2 Kf8 33. Kd3 Ke7 34. Kc3 a5 35. f4 Rd8 36. Rd3 1/2-1/2

[Event "POL-ch U16 Girls"]
[Site "Leba"]
[Date "2006.03.26"]
[Round "2"]
[White "Filipkowska, Martyna"]
[Black "Gorol, Magdalena"]
[Result "0-1"]
[WhiteElo "1600"]
[BlackElo "1868"]
[PlyCount "120"]
[EventDate "2006.03.25"]
[EventType "swiss"]
[EventRounds "11"]
[EventCountry "POL"]
[SourceTitle "CBM 111 Extra"]
[Source "ChessBase"]
[SourceDate "2006.05.09"]
[SourceVersion "1"]
[SourceVersionDate "2006.05.09"]
[SourceQuality "1"]

1. c4 e6 2. Nc3 Nf6 3. d4 d5 4. b3 Bb4 5. Bb2 Ne4 6. Qc2 Qf6 7. Nf3 c5 8. e3 cxd4 9. exd4 Nc6 10. Rd1 Nd6 11. a3 Bxc3+ 12. Bxc3 Bd7 13. Bd3 h6 14. Ne5 Qg5 15. 0-0 dxc4 16. bxc4 Nxe5 17. dxe5 Nc8 18. f4 Qh5 19. Be2 Qh4 20. Be1 Qd8 21. Qd3 Qc7 22. Bb4 Ne7 23. Rd2 Bc6 24. Bf3 Bxf3 25. Qxf3 Nc6 26. Bd6 Qb6+ 27. Qf2 Qxf2+ 28. Kxf2 Na5 29. Rc2 Rc8 30. Rfc1 g5 31. fxg5 hxg5 32. Kg1 Rh4 33. c5 Rd4 34. Rf1 Nc4 35. Rcf2 Ne3 36. Rb1 Rc6 37. h3 b6 38. cxb6 axb6 39. Rf6 Nf5 40. Bb4 Re4 41. g4 Nd4 42. Bd6 Ne2+ 43. Kf2 Nf4 44. Kf3 Rd4 45. Bb4 Rd3+ 46. Kf2 Rxh3 47. Bd2 Rc2 48. Rd1 Rh2+ 49. Ke3 Re2+ 50. Kd4 Rcxd2+ 51. Rxd2 Rxd2+ 52. Kc3 Rd3+ 53. Kb2 Rg3 54. Rh6 Rxg4 55. Rh8+ Ke7 56. Rb8 Nd5 57. Rb7+ Kf8 58. Rb8+ Kg7 59. Rc8 Re4 60. Rc1 Rxe5 0-1

[Event "POL-ch U16 Girls"]
[Site "Leba"]
[Date "2006.03.26"]
[Round "3"]
[White "Staniszewska, Urszula"]
[Black "Filipkowska, Martyna"]
[Result "1-0"]
[WhiteElo "1900"]
[BlackElo "1600"]
[PlyCount "101"]
[EventDate "2006.03.25"]
[EventType "swiss"]
[EventRounds "11"]
[EventCountry "POL"]
[SourceTitle "CBM 111 Extra"]
[Source "ChessBase"]
[SourceDate "2006.05.09"]
[SourceVersion "1"]
[SourceVersionDate "2006.05.09"]
[SourceQuality "1"]

1. e4 e5 2. Nf3 d6 3. c3 Nf6 4. Qc2 Be7 5. d4 exd4 6. cxd4 c5 7. dxc5 dxc5 8. Be3 b6 9. Nc3 Bb7 10. Rd1 Qd7 11. Nb5 Qc8 12. Bf4 Na6 13. Nd2 0-0 14. Be2 Nb4 15. Qb1 Bd8 16. 0-0 a6 17. Nd6 Qc6 18. a3 Bc7 19. N2c4 Nxe4 20. axb4 Nxd6 21. Bf3 Qb5 22. Bxd6 Bxf3 23. Bxc7 Bxd1 24. Rxd1 Qxc4 25. bxc5 Qxc5 26. Bd6 Qc6 27. Bxf8 Rxf8 28. Qd3 b5 29. Qa3 Qc2 30. Re1 Qc6 31. h3 h6 32. Ra1 Ra8 33. Qa5 g5 34. Qd2 Qf6 35. Rd1 Kg7 36. Qd5 Re8 37. Qd2 Re6 38. Rb1 Qf5 39. Ra1 Qc5 40. Rc1 Qd6 41. Qc3+ Kh7 42. Qc2+ Kg7 43. Qc3+ Qe5 44. Qc2 a5 45. Ra1 b4 46. Rb1 Qb5 47. Ra1 b3 48. Qc3+ Qe5 49. Qxb3 Qc5 50. Qd1 Rb6 51. Qd2 1-0

[Event "Augustow op"]
[Site "Augustow"]
[Date "2004.??.??"]
[Round "2"]
[White "Filipkowska, Martyna"]
[Black "Kadaj, Maciej"]
[Result "1/2-1/2"]
[WhiteElo "1600"]
[BlackElo "1600"]
[PlyCount "99"]
[EventDate "2004.08.??"]
[EventType "swiss"]
[EventRounds "9"]
[EventCountry "POL"]
[SourceTitle "EXT 2008"]
[Source "ChessBase"]
[SourceDate "2007.11.25"]
[SourceVersion "1"]
[SourceVersionDate "2007.11.25"]
[SourceQuality "1"]

1. e4 Nf6 2. e5 Nd5 3. d4 d6 4. Bc4 Nb6 5. Bd3 Nc6 6. exd6 Qxd6 7. c3 g6 8. h3 Bg7 9. Nf3 e5 10. Qe2 0-0 11. Be3 exd4 12. cxd4 Nxd4 13. Bxd4 Bxd4 14. Nxd4 Qxd4 15. Nc3 c6 16. 0-0 Bd7 17. Rfd1 Qf4 18. Bc2 Bf5 19. Bxf5 Qxf5 20. a4 Nd5 21. Qd3 Qxd3 22. Rxd3 Nxc3 23. Rxc3 Rad8 24. b4 Rd6 25. b5 cxb5 26. axb5 a6 27. bxa6 Rxa6 28. Rb1 b6 29. Rcb3 Rb8 30. Kf1 Kf8 31. Ke2 Ke7 32. Rd3 Rb7 33. Kd2 Rd7 34. Rxd7+ Kxd7 35. Kc3 Kc7 36. Kb4 Kb7 37. Re1 Ra2 38. Re7+ Kb8 39. Rxf7 Ra7 40. Rxa7 Kxa7 41. Kb5 Kb7 42. f4 Kc7 43. g4 Kd6 44. Kxb6 h5 45. gxh5 gxh5 46. f5 Ke5 47. Kc5 Kxf5 48. Kd4 Kf4 49. h4 Kf3 50. Kd3 1/2-1/2

[Event "Augustow op"]
[Site "Augustow"]
[Date "2004.??.??"]
[Round "5"]
[White "Grzyb, Joanna"]
[Black "Filipkowska, Martyna"]
[Result "0-1"]
[WhiteElo "1600"]
[BlackElo "1600"]
[PlyCount "96"]
[EventDate "2004.08.??"]
[EventType "swiss"]
[EventRounds "9"]
[EventCountry "POL"]
[SourceTitle "EXT 2008"]
[Source "ChessBase"]
[SourceDate "2007.11.25"]
[SourceVersion "1"]
[SourceVersionDate "2007.11.25"]
[SourceQuality "1"]

1. d4 d5 2. e3 a6 3. Bd3 Nc6 4. Nd2 Nf6 5. Ngf3 Bg4 6. c3 e5 7. dxe5 Nxe5 8. Bc2 Bxf3 9. Nxf3 Nxf3+ 10. Qxf3 Be7 11. 0-0 0-0 12. Rd1 Bd6 13. b3 c6 14. Bb2 Be5 15. Qf5 Qd6 16. g3 Rfe8 17. Rab1 g6 18. Qf3 Qc5 19. Kg2 Bxc3 20. Bxc3 Qxc3 21. Qe2 Kg7 22. Rd3 Qe5 23. Rdd1 Rad8 24. f4 Qxe3 25. Qxe3 Rxe3 26. Re1 Rde8 27. Rxe3 Rxe3 28. a4 Re2+ 29. Kh3 Rxc2 30. Re1 h5 31. Re7 Ng4 32. Kh4 Kh6 33. h3 Rh2 34. Re8 Kg7 35. f5 gxf5 36. Kg5 Rxh3 37. Kf4 Nf6 38. Rb8 h4 39. gxh4 Rxh4+ 40. Kxf5 Rb4 41. Kg5 d4 42. Rd8 Nd5 43. Re8 d3 44. Re1 Nc3 45. Rg1 d2 46. Kf5+ Kf8 47. Rf1 d1Q 48. Rxd1 Nxd1 0-1